South Eastern Kenya University

Library Online Public Access Catalogue


Euthanasia : (Record no. 6457)

MARC details
000 -LEADER
fixed length control field 00485pam a2200157 a 4500
020 ## - ISBN
International Standard Book Number 0826404707 :
Terms of availability $24.95
050 00 - LIBRARY OF CONGRESS CALL NUMBER
Classification Number R726
Item Number .T48 1990
100 1# - MAIN ENTRY--Author
Personal name Thomasma, David C.,
Dates associated with a name 1939-
245 10 - TITLE
Title Euthanasia :
Remainder of title toward an ethical social policy /
Statement of responsibility, etc David C. Thomasma and Glenn C. Graber.
260 ## - PUBLICATION, DISTRIBUTION, ETC.(IMPRINT)
Place of publication, distribution, etc New York [USA] :
Name of publisher, distributor, etc Continuum,
Date of publication, distribution, etc 1990.
300 ## - PHYSICAL DESCRIPTION
Extent x, 302 p. ;
500 ## - GENERALNOTE
General note Includes index.
650 ## - SUBJECT--TOPIC
General subdivision Medical ethics ;
-- Euthanasia.
700 1# - ADDED ENTRY--PERSONAL AUTHOR
Personal Name Graber, Glenn C.
942 ## - ADDED ENTRY ELEMENTS(KOHA)
Source of classification or shelving scheme Library of Congress Classification
Koha item type General circulation
Holdings
Source of classification or shelving scheme Not for loan Location (home branch) Sublocation (holding branch) Shelving location Date accessioned Cost, normal purchase price Full call number Barcode Cost, replacement price Nonpublic note Koha item type Public note
Library of Congress Classification   Main Campus Library Main Campus Library   21/07/2015 500.00 R726 .T48 1990 2015/003850 550.00 Nzk General circulation Nzk
Kitui, Kenya.
+254736116989
library@seku.ac.ke